000 01126cam a2200253 a 4500
003 OSt
005 20200803121421.0
008 020212s2001 ck r 000 0 spa d
020 _a9588087627
040 _aCO-BoPUJ
_cCO-JMCR
041 0 _aspa
082 0 4 _a340.0285 /
_bC911n
_223
100 1 _aCárdenas, Manuel José
_eautor
_98244
245 1 3 _aLa nueva economía del conocimiento
_cManuel José Cárdenas
260 _aBogotá :
_bGustavo Ibáñez,
_c2001.
300 _a217 páginas ;
_c24 cm.
505 0 _aHacia una nueva economía basada en el conocimiento -- Marco normativo para la nueva economía -- Implicaciones de la nueva economía en varias ramas del derecho
520 0 _aBajo el nombre genérico de la nueva economía del conocimiento el autor examina los cambios que están operando con la sociedad de la información y la economía del conocimiento.
650 2 4 _aComercio electrónico
_xLegislación
_98245
650 2 4 _aTecnología de la información
_xAspectos económicos
_98246
650 2 4 _aConocimiento
_xAspectos económicos
_98247
650 2 4 _aDerecho y economía
_95681
942 _2ddc
_cBK
999 _c6775
_d6775